El arquitecto de la Moneda: Joaquín Toesca, 1752-1799. Una imagen del imperio español en América

Uloženo v:
Podrobná bibliografie
Hlavní autor: Guarda Geywitz, Gabriel (autor)
Médium: Kniha
Jazyk:španělština
Vydáno: Santiago Universidad Católica de Chile 1997
Témata:
Tagy: Přidat tag
Žádné tagy, Buďte první, kdo vytvoří štítek k tomuto záznamu!

MARC

LEADER 00000nam a2200000 a 4500
001 UCN9588
003 CL-VaPUC
008 011207e19970000CL |||||||||||||||||spa|d
020 |a 9561404710 
082 0 4 |a 720.92  |b GUA  |2 21 
100 |a Guarda Geywitz, Gabriel  |e autor  |9 570466 
245 1 3 |a El arquitecto de la Moneda: Joaquín Toesca, 1752-1799. Una imagen del imperio español en América 
300 |a 339 p 
942 |c BK 
945 |d 20011207 00:00:00  |a crobeson 
260 |a Santiago  |b Universidad Católica de Chile  |c 1997 
600 0 7 |a TOESCA, JOAQUIN  |2 CL-VaPUC  |9 382949 
600 0 7 |a CASA DE MONEDA  |2 CL-VaPUC  |9 466137 
650 0 |a Arquitectos chilenos  |9 451494 
650 0 |a Biografías  |9 255210 
650 0 |a Arquitectura neoclásica  |9 466138 
651 0 |a Santiago  |9 265444 
651 7 |a CHILE  |2 CL-VaPUC  |9 466139 
583 |a last modification  |c 20011207 00:00:00  |k Rodrigo Vera 
999 |c 298895  |d 298893 
952 |0 0  |1 0  |4 0  |6 720_920000000000000_GUA_1997  |7 0  |8 A  |9 354890  |a BIBARQ  |b BIBARQ  |d 2019-11-21  |i 3751473  |l 2  |o 720.92 GUA 1997  |p 3751473  |q 2025-07-31  |r 2025-04-28  |s 2025-04-28  |w 2019-11-21  |y BK  |k ARQ 
952 |0 0  |1 0  |4 0  |6 720_920000000000000_GUA_1997  |7 0  |8 X  |9 354891  |a BIBHIS  |b BIBHIS  |d 2019-11-21  |i 3937461  |l 1  |o 720.92 GUA 1997  |p 3937461  |r 2024-11-08  |s 2024-11-08  |w 2019-11-21  |y BK_X  |k HIS 
952 |0 0  |1 0  |4 0  |6 720_920000000000000_GUA_1997  |7 0  |8 X  |9 354892  |a BIBHIS  |b BIBHIS  |d 2019-11-21  |i 4163273  |o 720.92 GUA 1997  |p 4163273  |r 2024-01-30  |w 2019-11-21  |y BK_X  |k HIS 
952 |0 0  |1 0  |4 0  |6 720_920000000000000_GUA_1997  |7 0  |8 X  |9 354893  |a BIBHIS  |b BIBHIS  |d 2019-11-21  |i 4423720  |l 1  |o 720.92 GUA 1997  |p 4423720  |r 2024-01-30  |s 2023-05-02  |w 2019-11-21  |y BK_X  |k HIS